| 000 | 01141nam0a22003131 4500 | ||
|---|---|---|---|
| 001 | v19\rc\1443375 | ||
| 005 | 20250618134744.0 | ||
| 035 | _a(NLR Aleph) 004585866 | ||
| 090 |
_a2591629 _c2591629 |
||
| 100 | _a20060620e18721872|||y0rusy50 ca | ||
| 101 | 0 | _arus | |
| 102 | _aRU | ||
| 105 | _ay z ||||| | ||
| 200 | 1 | _aИван Онуфриевич Курис. 1834 | |
| 210 |
_aОдесса _cтип. Алексомати _d1872 |
||
| 215 |
_a35 с. _d17 |
||
| 311 | _aИз "Зап. Одес. о-ва истории и древностей". Т. 8 | ||
| 488 | 0 |
_12001#$aЗаписки Одесского общества истории и древностей$vТ. 8 _tЗаписки Одесского общества истории и древностей |
|
| 540 | 1 | 0 | _aКурис Иван Онуфриевич. 1834 |
| 702 | 1 |
_aКурис _bИ.О. _gИван Онуфриевич _4570 |
|
| 801 | 0 |
_aRU _bNLR _gpsbo |
|
| 801 | 0 |
_aRU _bRuMoRGB _2psbo |
|
| 801 | 1 |
_aRU _bProSoft-M _2rusmarc |
|
| 852 |
_aNLR _j18.105.2.21 |
||
| 899 |
_aRuMoRGB _jT 83/818 |
||
| 899 |
_aRuMoRGB _jU 100/424 |
||
| 899 | _aБАН | ||
| 942 | _cBOOK | ||
| 980 | _aNB | ||